000 00630nam a2200229Ia 4500
003 OSt
005 20220924131724.0
006 a|||||r|||| 00| 0
007 ta
008 220923b |||||||| |||| 00| 0 san d
024 _a280703
037 _cTextual
040 _aARTS
_cARTS
_bsan
041 _2san
_asan
082 _aR65, 15L1
100 _aS Subrahmanya Sastri
_9202707
245 0 _aVedantadarsana binduh
260 _aVaranasi
_bVaranaseya Sanskrit Vishvavidyalaya Press India
_c1971
300 _a53p.
_ccm.
942 _hR65, 15L1
_cTEXL
_2CC
999 _c427999
_d427999